[Event "Melbourne op"]
[Site "Melbourne"]
[Date "2024.04.06"]
[Round "7"]
[White "Salasan, Haran"]
[Black "Zheng, Ryan"]
[Result "1-0"]
[WhiteElo "1962"]
[BlackElo "1823"]
[PlyCount "155"]
[EventDate "2024.04.03"]
[EventType "swiss"]
[EventRounds "9"]
[EventCountry "AUS"]
[SourceTitle "CB18_2024"]
[SourceDate "2024.05.01"]
[SourceVersion "1"]
[SourceVersionDate "2024.05.01"]
[SourceQuality "2"]

1. d4 Nf6 2. c4 e6 3. Nf3 d5 4. Nc3 dxc4 5. e4 b5 6. e5 Nd5 7. Nxb5 Nb6 8. Be2 Be7 9. 0-0 Nc6 10. Be3 a6 11. Nc3 Bb7 12. Qc1 Qd7 13. Rd1 0-0-0 14. d5 Nxd5 15. Bxc4 Na5 16. Bf1 Qc6 17. Nd4 Qd7 18. Nxd5 exd5 19. Qc3 Nc4 20. Bf4 Qg4 21. Bg3 c5 22. Nf3 Nb6 23. Qa5 Qb4 24. Qxb4 cxb4 25. Rac1+ Kd7 26. e6+ Ke8 27. exf7+ Kxf7 28. Bc7 Nd7 29. Bxd8 Rxd8 30. Rc7 Ba8 31. Rxd7 Rxd7 32. Ne5+ Ke6 33. Nxd7 Kxd7 34. Bxa6 Bc6 35. Kf1 Bf6 36. b3 Kd6 37. Ke2 Bd7 38. Bd3 h6 39. Rc1 Be5 40. g3 Bf6 41. f3 Be5 42. Rf1 Bh3 43. Re1 Bd7 44. Kd1 Bc3 45. Re2 Bd4 46. Kc2 Bf6 47. Bg6 Be6 48. g4 Be5 49. Be8 Bc8 50. Bb5 Bb7 51. Kd3 Bc8 52. Rc2 Bb7 53. h3 Bf4 54. Re2 Be5 55. h4 Bc8 56. Ke3 Bf6 57. h5 Bc3 58. Kf4 Be6 59. Kg3 Bf7 60. f4 Bf6 61. Rc2 Bc3 62. Bd3 Be6 63. Re2 Bf6 64. Rc2 Bc3 65. Bb5 Bf7 66. Bd3 Be6 67. Kf3 Bf7 68. Bg6 Be6 69. g5 Bd4 70. Rd2 Bc3 71. Rd3 Bb2 72. Rd2 Bc3 73. Rd3 Bb2 74. f5 Bd7 75. Bf7 d4 76. f6 Bc6+ 77. Kg3 gxf6 78. gxh6 1-0

[Event "AUS-ch"]
[Site "Adelaide"]
[Date "2024.01.05"]
[Round "5"]
[White "Salasan, Haran"]
[Black "Phan, Nguyen Mai Chi"]
[Result "0-1"]
[WhiteElo "1952"]
[BlackElo "2122"]
[PlyCount "94"]
[EventDate "2024.01.02"]
[EventType "swiss"]
[EventRounds "11"]
[EventCountry "AUS"]
[SourceTitle "CB03_2024"]
[SourceDate "2024.01.17"]
[SourceVersion "1"]
[SourceVersionDate "2024.01.17"]
[SourceQuality "1"]

1. d4 d5 2. c4 e6 3. Nf3 Nf6 4. Nc3 a6 5. c5 b6 6. cxb6 cxb6 7. Bf4 Nc6 8. e3 Bb7 9. Bd3 Be7 10. h3 0-0 11. 0-0 Nh5 12. Bh2 g6 13. Qe2 f5 14. Ne5 Nxe5 15. Bxe5 Bd6 16. Bxd6 Qxd6 17. Rfe1 Rf7 18. Rac1 b5 19. a4 b4 20. Nb1 e5 21. dxe5 Qxe5 22. Nd2 Qxb2 23. Rb1 Qa3 24. Ra1 Qc3 25. Rec1 Qf6 26. Rab1 a5 27. Nb3 f4 28. Rc5 fxe3 29. Qxe3 Nf4 30. Bf1 Re7 31. Qd2 Rf8 32. Qd4 Qg5 33. Rc2 Nxh3+ 34. Kh2 Nf4 35. Rd1 Ne6 36. Qd2 Qh4+ 37. Kg1 Ng5 38. Nxa5 Qg4 39. Kh1 Re5 40. Qd4 Qh5+ 41. Kg1 Nf3+ 42. gxf3 Rg5+ 43. Bg2 Qxf3 44. Kf1 Qxg2+ 45. Ke1 Rg4 46. Qd3 Re4+ 47. Kd2 Qg5+ 0-1

[Event "AUS-ch U18"]
[Site "Gold Coast"]
[Date "2020.01.19"]
[Round "3"]
[White "Wang, Jason2222"]
[Black "Salasan, Haran"]
[Result "1/2-1/2"]
[WhiteElo "1806"]
[BlackElo "1895"]
[PlyCount "122"]
[EventDate "2020.01.18"]
[EventType "swiss"]
[EventRounds "9"]
[EventCountry "AUS"]
[SourceTitle "EXT 2021"]
[Source "ChessBase"]
[SourceDate "2020.10.23"]
[SourceVersion "1"]
[SourceVersionDate "2020.10.23"]
[SourceQuality "1"]

1. e4 e6 2. d4 d5 3. exd5 exd5 4. Bd3 Bd6 5. Nd2 Nc6 6. c3 Nf6 7. Ngf3 0-0 8. 0-0 Bg4 9. h3 Bh5 10. Qb3 a6 11. Nh2 Re8 12. Ndf3 Ne4 13. Be3 b5 14. Rae1 Na5 15. Qc2 f5 16. Qc1 Nc4 17. Bxc4 bxc4 18. Bf4 Rb8 19. Bxd6 Qxd6 20. Ne5 c5 21. Nef3 Qb6 22. dxc5 Qxb2 23. Qxb2 Rxb2 24. Nd4 Nxc3 25. Rxe8+ Bxe8 26. Re1 Rb1 27. Rxb1 Nxb1 28. Nxf5 c3 29. Nd4 Na3 30. Ne2 c2 31. Nf3 Nb5 32. Nc1 Kf7 33. Ne5+ Ke6 34. Ned3 Nc3 35. Nb4 Bg6 36. Kf1 d4 37. Ke1 a5 38. Nc6 d3 39. Nxa5 Kd5 40. Nab3 Nb1 41. a4 Kc6 42. f3 Nc3 43. Kd2 Nb1+ 44. Ke3 d2 45. Nxd2 Kxc5 46. Ne4+ Kb4 47. Kd3 Nc3 48. Kxc2 Nxe4 49. Nd3+ Kxa4 50. fxe4 Bxe4 51. g3 Kb5 52. Kc3 Kc6 53. Nf2 Kd5 54. Kd2 Bg2 55. Ke3 Ke5 56. Nd3+ Kf5 57. h4 Kg4 58. Kf2 Be4 59. Nc5 Bd5 60. Nd3 Ba8 61. Nc5 Bd5 1/2-1/2

[Event "NZL-ch op 125th"]
[Site "Palmerston North"]
[Date "2018.01.05"]
[Round "5"]
[White "Salasan, Haran"]
[Black "Ang, Alphaeus Wei Ern"]
[Result "1/2-1/2"]
[WhiteElo "1660"]
[BlackElo "2219"]
[PlyCount "99"]
[EventDate "2018.01.01"]
[EventType "swiss"]
[EventRounds "9"]
[EventCountry "NZL"]
[SourceTitle "CBM 182 Extra"]
[Source "ChessBase"]
[SourceDate "2018.02.23"]
[SourceVersion "1"]
[SourceVersionDate "2018.02.23"]
[SourceQuality "1"]

1. d4 Nf6 2. c4 g6 3. Nc3 Bg7 4. e4 d6 5. Nf3 0-0 6. Be2 e5 7. dxe5 dxe5 8. Qxd8 Rxd8 9. Bg5 c6 10. Nxe5 Re8 11. 0-0-0 Na6 12. Rd6 Nxe4 13. Nxe4 Bxe5 14. Nf6+ Bxf6 15. Bxf6 Bf5 16. Bd3 Bxd3 17. Rxd3 Nc5 18. Rdd1 Re4 19. Rd4 Re6 20. Bg5 a5 21. Rhd1 Kg7 22. Be3 Ne4 23. Rd7 b5 24. cxb5 cxb5 25. Rc7 Rd6 26. Rxd6 Nxd6 27. Bd4+ Kg8 28. Rc6 Ne4 29. Be3 Re8 30. Rb6 b4 31. Ra6 f5 32. Rxa5 f4 33. Bxf4 Nxf2 34. Kd2 Rd8+ 35. Ke2 Nd3 36. Bg5 Rd7 37. Ra8+ Kf7 38. Rd8 Nc1+ 39. Ke1 Rxd8 40. Bxd8 Nxa2 41. Bg5 Ke6 42. Ke2 Kf5 43. Bd2 Ke4 44. Bg5 b3 45. Kd2 Kd4 46. Be7 Ke4 47. Bf8 Kd4 48. Be7 Ke4 49. Bf8 Kd4 50. Be7 1/2-1/2

[Event "NZL-ch U20 op"]
[Site "Palmerston North"]
[Date "2018.01.04"]
[Round "3"]
[White "He, Caleb"]
[Black "Salasan, Haran"]
[Result "0-1"]
[WhiteElo "1463"]
[BlackElo "1660"]
[PlyCount "56"]
[EventDate "2018.01.02"]
[EventType "swiss"]
[EventRounds "6"]
[EventCountry "NZL"]
[SourceTitle "EXT 2019"]
[Source "ChessBase"]
[SourceDate "2018.10.10"]
[SourceVersion "1"]
[SourceVersionDate "2018.10.10"]
[SourceQuality "1"]

1. e4 e6 2. d4 d5 3. Nc3 Bb4 4. a3 Bxc3+ 5. bxc3 dxe4 6. Qg4 Nf6 7. Qxg7 Rg8 8. Qh6 c5 9. Qe3 Nc6 10. Bb2 Qa5 11. 0-0-0 Qc7 12. g3 Ne7 13. Bg2 Nf5 14. Qe2 Nd6 15. f3 exf3 16. Nxf3 Bd7 17. Ne5 cxd4 18. cxd4 Bb5 19. Qf3 Ba4 20. Qc3 Qxc3 21. Bxc3 Rc8 22. Rd3 Nfe4 23. Bxe4 Nxe4 24. Be1 Bxc2 25. Re3 Nxg3 26. Rg1 Ne2+ 27. Rxe2 Rxg1 28. Nf3 Be4+ 0-1

[Event "NZL-ch U20 op"]
[Site "Palmerston North"]
[Date "2018.01.03"]
[Round "2"]
[White "Salasan, Haran"]
[Black "Timergazi, Layla"]
[Result "0-1"]
[WhiteElo "1660"]
[BlackElo "2000"]
[PlyCount "112"]
[EventDate "2018.01.02"]
[EventType "swiss"]
[EventRounds "6"]
[EventCountry "NZL"]
[SourceTitle "EXT 2019"]
[Source "ChessBase"]
[SourceDate "2018.10.10"]
[SourceVersion "1"]
[SourceVersionDate "2018.10.10"]
[SourceQuality "1"]

1. d4 d5 2. c4 c6 3. cxd5 cxd5 4. Bf4 Nc6 5. e3 Nf6 6. Nc3 a6 7. Bd3 Qb6 8. a3 Bg4 9. Qc2 e6 10. f3 Bh5 11. Na4 Qa5+ 12. Kf2 Bg6 13. Bxg6 hxg6 14. Ne2 Be7 15. b4 Qd8 16. Nc5 Bxc5 17. bxc5 0-0 18. h4 Re8 19. Bg5 e5 20. g4 e4 21. Bxf6 Qxf6 22. f4 Rac8 23. Rab1 Qe6 24. Rhg1 Qe7 25. Rh1 Na5 26. Nc3 Qe6 27. Qe2 Rc6 28. h5 b6 29. hxg6 bxc5 30. f5 Qd6 31. gxf7+ Kxf7 32. dxc5 Rxc5 33. Na4 Rc4 34. Nb6 Rc6 35. Qb2 Qc7 36. Qd4 Rc2+ 37. Kf1 Rd8 38. Rh7 Kg8 39. Rh3 Rc1+ 40. Rxc1 Qxc1+ 41. Kg2 Nc6 42. Qa4 Qb2+ 43. Kg3 Qxb6 44. g5 Qxe3+ 45. Kh2 Qf2+ 46. Kh1 Rb8 47. Qd1 Qa2 48. Rc3 Rb1 49. Rc1 Rxc1 50. Qxc1 Qc4 51. Qb1 e3 52. Qb7 Qh4+ 53. Kg1 Qxg5+ 54. Kf1 Qxf5+ 55. Kg2 e2 56. Qa8+ Kh7 0-1